| 000 | 01003cam a2200205 4500 | ||
|---|---|---|---|
| 001 | WB3918-20 | ||
| 008 | 030512n2003 000 0 eng u | ||
| 035 | _a(Sirsi) u122243 | ||
| 245 | _aResponsible growth of UK aviation | ||
| 260 | _c2003 | ||
| 490 |
_aBAA News Release _v12 May 2003 (1) |
||
| 520 | _aIn response to government's consultation on aviation capacity in southeast England, BAA has called for the phased construction of three new runways at Heathrow, Gatwick and Stansted over the next 30 years. In "Responsible growth" BAA also confirms its commitment to sustainable airport development. "Responsible growth" at www.baa.com/consultation. "The future development of air transport in the United Kingdom: a national consultation" at www.aviation.dft.gov.uk/consult/airconsult/index.htm | ||
| 590 | _aWB | ||
| 650 | _aAIRPORT EXPANSION | ||
| 650 | _aAIRPORT DEVELOPMENT | ||
| 650 | _aRUNWAYS | ||
| 650 | _aSOUTHEAST ENGLAND | ||
| 690 | _aTRANSPORT AND COMMUNICATIONS | ||
| 942 | _n0 | ||
| 999 |
_c72652 _d72652 |
||